The life and industrial labors of William Wheelwright in South America
محفوظ في:
| المؤلف الرئيسي: | |
|---|---|
| التنسيق: | كتاب |
| اللغة: | الإنجليزية |
| منشور في: |
Boston
A. Williams & Co
1877
|
| الطبعة: | 2a. ed |
| الموضوعات: | |
| الوسوم: |
إضافة وسم
لا توجد وسوم, كن أول من يضع وسما على هذه التسجيلة!
|
MARC
| LEADER | 00000nam a2200000 a 4500 | ||
|---|---|---|---|
| 001 | UCJ4231 | ||
| 003 | CL-VaPUC | ||
| 008 | 070124e18770000US |||||||||||||||||eng|d | ||
| 082 | 0 | 4 | |a 926 |b WHE |2 21 |
| 100 | |a Alberdi, Juan Bautista, |d 1810-1884 |e author |9 331707 | ||
| 245 | 1 | 4 | |a The life and industrial labors of William Wheelwright in South America |
| 250 | |a 2a. ed | ||
| 300 | |a vii, 270 p | ||
| 942 | |c BK | ||
| 945 | |d 20070124 00:00:00 |a rinostro | ||
| 260 | |a Boston |b A. Williams & Co |c 1877 | ||
| 600 | 0 | |a Wheelwright, William, |d 1798-1873 |9 504659 | |
| 600 | 0 | 7 | |a CUSHING, CALEB |2 CL-VaPUC |9 507484 |
| 600 | 0 | 7 | |a COMPAÑIA INGLESA DE VAPORES |2 CL-VaPUC |9 507228 |
| 600 | 0 | 7 | |a PACIFIC STEAM NAVIGATION COMPANY |2 CL-VaPUC |9 507485 |
| 650 | 7 | |a BIOGRAFIA |2 CL-VaPUC |9 504622 | |
| 650 | 0 | |a Ingeniería |9 259380 | |
| 650 | 0 | |a Ingenieros |9 361359 | |
| 650 | 0 | |a Obras públicas |9 261125 | |
| 650 | 0 | |a Transporte marítimo |9 260127 | |
| 650 | 0 | |a Ferrocarriles |9 260933 | |
| 650 | 0 | |a Ferrocarril Trasandino |9 506760 | |
| 650 | 7 | |a MINERIA DEL CARBON |2 CL-VaPUC |9 359913 | |
| 650 | 0 | |a Inmigrantes |9 317882 | |
| 650 | 7 | |a INGLESES |2 CL-VaPUC |9 507486 | |
| 650 | 7 | |a DOCUMENTOS |2 CL-VaPUC |9 366450 | |
| 650 | 0 | |a Correspondencia |9 258963 | |
| 651 | 0 | |a Argentina |9 254888 | |
| 651 | 7 | |a CHILE |2 CL-VaPUC |9 507487 | |
| 651 | 7 | |a CALDERA |2 CL-VaPUC |9 504353 | |
| 651 | 0 | |a Copiapó |9 314911 | |
| 651 | 0 | |a Ecuador |9 258378 | |
| 651 | 0 | |a Perú |9 256567 | |
| 651 | 0 | |a Valparaíso, Chile |9 261144 | |
| 583 | |a last modification |c 20070124 00:00:00 |k Rodrigo Vera | ||
| 999 | |c 320348 |d 320346 | ||
| 952 | |0 0 |1 0 |4 0 |6 926_000000000000000_WHE_1877 |7 0 |8 X |9 398855 |a FDOBUD |b FDOBUD |d 2019-11-22 |i 1015613 |o 926 WHE 1877 |p 1015613 |r 2019-11-22 |w 2019-11-22 |y BK_X |k BUD | ||